Dios, donde estás: una introducción práctica a la Biblia
保存先:
| 第一著者: | |
|---|---|
| フォーマット: | 図書 |
| 言語: | スペイン語 |
| 出版事項: |
Pamplona
Verbo Divino
1997
|
| 版: | 2a. ed |
| シリーズ: | Colección Estudios Biblicos, 12
|
| 主題: | |
| タグ: |
タグ追加
タグなし, このレコードへの初めてのタグを付けませんか!
|
MARC
| LEADER | 00000nam a2200000 a 4500 | ||
|---|---|---|---|
| 001 | UCP3843 | ||
| 003 | CL-VaPUC | ||
| 008 | 990709e19970000SP |||||||||||||||||spa|d | ||
| 082 | 0 | 4 | |a 220.61 |b MES |2 21 |
| 100 | |a Mesters, Carlos |e autor |q Mesters, Frei Carlos |9 477776 | ||
| 245 | 1 | 0 | |a Dios, donde estás: una introducción práctica a la Biblia |
| 250 | |a 2a. ed | ||
| 300 | |a 259 p | ||
| 942 | |c BK | ||
| 945 | |d 19990709 00:00:00 |a rbrito | ||
| 260 | |a Pamplona |b Verbo Divino |c 1997 | ||
| 650 | 0 | |a Biblia |9 257603 | |
| 650 | 0 | |a Crítica e interpretación |9 255042 | |
| 650 | 0 | |a Antiguo testamento |9 313678 | |
| 650 | 0 | |a Evangelios |9 314864 | |
| 650 | 0 | |a Cristianismo |9 257361 | |
| 650 | 0 | |a Fe |9 308036 | |
| 583 | |a last modification |c 20130402 06:13:12 |k Rodrigo Vera | ||
| 490 | 0 | |a Colección Estudios Biblicos, 12 | |
| 999 | |c 281998 |d 281996 | ||
| 952 | |0 0 |1 0 |4 0 |6 220_610000000000000_MES_1997 |7 0 |8 A |9 323184 |a BIBTEO |b BIBTEO |d 2019-11-20 |i 3522334 |o 220.61 MES 1997 |p 3522334 |r 2025-01-17 |w 2019-11-20 |y BK |k ICR | ||